000 00653nam a2200253Ia 4500
005 20260121161146.0
008 008 260114s9999 xx 000 0 eng d
020 _a9781003095286
037 _aEBOOK
040 _aCRL
040 _beng
040 _cCRL
041 _2eng
041 _aeng
084 _qCRL
100 _aJo Turner; Helen Johnston; Marion Pluskota
_91040929
245 0 _aPolicing Women:Histories in the Western World, 1800 to 1950
260 _bTaylor and Francis
260 _c2024
856 _uhttp://www.taylorfrancis.com/books/9781003095286
942 _cEBOOK
999 _c1607745
_d1607745